| Tag |
First Indicator |
Second Indicator |
Subfields |
| LEADER |
00000cam a2200000 a 4500 |
| 001 |
in00000371908 |
| 005 |
20151011093126.0 |
| 008 |
830506m19831984nyubc b 00110beng |
| 010 |
|
|
|a 83009892
|
| 020 |
|
|
|a 0671440691 (v. 1)
|
| 020 |
|
|
|z 0671499014 (v. 2)
|
| 035 |
|
|
|a (OCoLC)09556407
|
| 035 |
|
|
|9 ABQ9347AM
|
| 040 |
|
|
|a DLC
|c DLC
|d TXA
|d UtOrBLW
|
| 049 |
|
|
|a TXAM
|
| 050 |
0 |
0 |
|a E836
|b .A828 1983
|
| 082 |
0 |
|
|a 973.921/092/4
|a B
|2 19
|
| 100 |
1 |
|
|a Ambrose, Stephen E.
|
| 245 |
1 |
0 |
|a Eisenhower /
|c Stephen E. Ambrose.
|
| 264 |
|
1 |
|a New York :
|b Simon and Schuster,
|c ©1983-©1984.
|
| 300 |
|
|
|a 2 volumes :
|b maps, portraits ;
|c 25 cm.
|
| 336 |
|
|
|a text
|b txt
|2 rdacontent
|
| 337 |
|
|
|a unmediated
|b n
|2 rdamedia
|
| 338 |
|
|
|a volume
|b nc
|2 rdacarrier
|
| 500 |
|
|
|a Maps on volume 1 lining papers.
|
| 504 |
|
|
|a Includes bibliographical references and indexes.
|
| 505 |
0 |
|
|a v. 1. Soldier, general of the army, President-elect, 1890-1952 -- v. 2. The President.
|
| 600 |
1 |
0 |
|a Eisenhower, Dwight D.
|q (Dwight David),
|d 1890-1969.
|
| 650 |
|
0 |
|a Presidents
|z United States
|v Biography.
|
| 999 |
|
|
|a MARS
|
| 999 |
f |
f |
|s 3ca5245b-d380-3f15-9d04-5e1b82ea4cff
|i 9b09ae36-d294-3c76-af81-94d8f3305bab
|t 0
|
| 952 |
f |
f |
|p normal
|a Texas A&M University
|b College Station
|c Sterling C. Evans Library
|d Evans: Library Stacks
|t 0
|e E836 .A828 1983
|h Library of Congress classification
|i unmediated -- volume
|k v.1
|m A14807416534
|
| 952 |
f |
f |
|p normal
|a Texas A&M University
|b College Station
|c Sterling C. Evans Library
|d Evans: Library Stacks
|t 0
|e E836 .A828 1983
|h Library of Congress classification
|i unmediated -- volume
|k v.2
|m A14818883257
|
| 952 |
f |
f |
|p normal
|a Texas A&M University
|b Galveston Campus
|c Jack K. Williams Library
|d Galveston Stacks
|t 0
|e E836 .A828 1983
|h Library of Congress classification
|i unmediated -- volume
|k v.1
|m 33620000893194
|
| 952 |
f |
f |
|p normal
|a Texas A&M University
|b Galveston Campus
|c Jack K. Williams Library
|d Galveston Stacks
|t 0
|e E836 .A828 1983
|h Library of Congress classification
|i unmediated -- volume
|k v.2
|m 33620001220504
|
| 952 |
f |
f |
|p noncirc
|a Texas A&M University
|b College Station
|c Cushing Memorial Library & Archives
|d Cushing: Ragan Military (Does not check out)
|t 0
|e E836 .A828 1983
|h Library of Congress classification
|i unmediated -- volume
|k v.1
|
| 998 |
f |
f |
|a E836 .A828 1983
|s v.1-2
|t 0
|l Galveston Stacks
|
| 998 |
f |
f |
|a E836 .A828 1983
|s v.1-v.2
|t 0
|l Evans: Library Stacks
|
| 998 |
f |
f |
|a E836 .A828 1983
|s v.1
|t 0
|l Cushing: Ragan Military (Does not check out)
|